=LDR 00000nam 2200000 4500 =001 INLIS000000000011721 =005 20130612103250 =008 ***********************************Ind** =035 ##$$0010-061300000011721 =041 ##$$a Ind =082 ##$$a 57.450 1 =090 ##$$a 57.450 1, Pra a =100 ##$$a Prastawo D, Dwi =245 ##$$a Analisis laporan keuangan, konsep dan aplikasi, Drs.Dwi Prastowo D =260 ##$$a 2002 $b Yogyakata : AMP YKPN =300 ##$$a xii, 216 hlm., 24 cm =650 ##$$a Keuangan , Pemeriksaan =650 ##$$a Penerapan Analisis =850 ##$$a NBPNMAT